000 00685nam a2200265Ia 4500
003 OSt
005 20221007110840.0
006 a|||||r|||| 00| 0
007 ta
008 221006b |||||||| |||| 00| 0 hin d
020 _a9788175347250
024 _a21,991
037 _cTextual
040 _aLCO
_cLCO
_bhin
041 _2hin
_ahin
082 _aZ, E3
100 _aVinogradoff Paul
245 0 _aCommon - Sense in Law
260 _aDelhi
_bUniversal Law Publishing Co. Pvt. Ltd. India
_c2008
300 _a256
500 _aIndian Reprint 2008
650 _aCOMMONSENSE
_9707904
942 _hZ, E3
_cTEXL
999 _c1191554
_d1191554